Star Chamber Matters (Record no. 25166)

MARC details
000 -LEADER
fixed length control field 00611nam a2200121Ia 4500
008 - FIXED-LENGTH DATA ELEMENTS--GENERAL INFORMATION
fixed length control field 220620s9999||||xx |||||||||||||| ||und||
245 #0 - TITLE STATEMENT
Title Star Chamber Matters
Remainder of title An Early Modern Court and Its Records
546 ## - LANGUAGE NOTE
Language note English[eng]
650 ## - SUBJECT ADDED ENTRY--TOPICAL TERM
Topical term or geographic name entry element Tudor Britain||legal history||courts||medieval marriage||medieval women||rape||consent||medieval libel||Sir Edward Coke||medieval judge||Jacobean law||popular legalism||marine insurance||fraud||London history||Westminster
700 ## - ADDED ENTRY--PERSONAL NAME
Personal name Kesselring, K. J.||Mears, Natalie
856 ## - ELECTRONIC LOCATION AND ACCESS
Uniform Resource Identifier <a href="https://library.oapen.org/bitstream/20.500.12657/55758/1/9781912702893.pdf">https://library.oapen.org/bitstream/20.500.12657/55758/1/9781912702893.pdf</a>
942 ## - ADDED ENTRY ELEMENTS (KOHA)
Koha item type E-Books
Holdings
Withdrawn status Lost status Damaged status Not for loan Home library Current library Date acquired Total Checkouts Date last seen Price effective from Koha item type
        Kerala University of Digital Sciences, Innovation and Technology Knowledge Centre Kerala University of Digital Sciences, Innovation and Technology Knowledge Centre 20/06/2022   20/06/2022 20/06/2022 E-Books